Ligue 1 teams - Statistics

General Stats
  • This quiz has been taken 26 times
  • The average score is 13 of 18
Answer Stats
Picture Answer % Correct
AS Monaco
96%
OGC Nice
96%
Olympique de Marseille
96%
Olympique Lyonnais
96%
Paris Saint-Germain
96%
FC Nantes
92%
LOSC Lille
88%
ASSE Saint-Étienne
85%
Montpellier HSC
85%
Racing Club de Lens
85%
AJ Auxerre
77%
Racing Club de Strasbourg
77%
Stade de reims
73%
Stade Brestois 29
50%
Angers SCO
46%
Stade Rennais
46%
Toulouse FC
38%
Le Havre AC
15%
No matching quizzes found
Score Distribution
Percent of People with Each Score
Percentile by Number Answered
Your Score History
You have not taken this quiz